| 000 | 02458cam a22004337a 4500 | ||
|---|---|---|---|
| 001 | 17312199 | ||
| 003 | EG-ScBUE | ||
| 005 | 20260407105140.0 | ||
| 008 | 120521r20232018enka f b 001 0 eng d | ||
| 020 | _a9780500294390 | ||
| 035 | _a17312199 | ||
| 035 | _a(OCoLC)794363670 | ||
| 040 |
_aBTCTA _beng _erda _cBTCTA _dERASA _dYDXCP _dA4A _dBWX _dCUS _dFXG _dDLC _dEG-ScBUE |
||
| 082 | 0 | 4 |
_a701.08 _222 _bMYE |
| 100 | 1 |
_aMyers, William _c(Curator) _eauthor. |
|
| 245 | 1 | 0 |
_aBio design : _bnature, science, creativity / _cWilliam Myers ; foreword by Paola Antonelli. |
| 250 | _aReprint edition. | ||
| 250 | _aRevised and expanded edition. | ||
| 264 | 1 |
_aLondon : _bThames & Hudson Ltd, _c2023. |
|
| 300 |
_a304 pages : _billustrations (chiefly color) ; _c26 cm |
||
| 336 |
_atext _btxt _2rdacontent |
||
| 337 |
_aunmediated _bn _2rdamedia |
||
| 338 |
_avolume _bnc _2rdacarrier |
||
| 504 | _aIncludes bibliographical references and index. | ||
| 520 | 8 |
_aDesigners and artists have always looked to nature for inspiration and materials, but only recently have they been able to alter and incorporate living organisms in their work. In a world with finite resources and a growing population, design that mimics or appropriates the sustainable template of nature is likely to prove as vital as it is novel. 'Bio Design' examines some seventy projects (concepts, prototypes and completed designs) that cover the fields of architecture, industrial processes, education, fine art, material engineering and bioengineering. Each project is illustrated by a short text, images and captions that combine to explain the problems the venture tackles, and how living materials and processes were harnessed to solve them in sustainable and aesthetically pleasing ways. Many of the solutions also provoke thought about manipulating life for human ends.-- _cSource other than Library of Congress. |
|
| 650 | 7 |
_aBiotechnology in art. _2BUEsh |
|
| 650 | 7 |
_aArt and science. _2BUEsh |
|
| 650 | 7 |
_aArt and technology. _2BUEsh |
|
| 650 | 7 |
_aScience in art. _2BUEsh |
|
| 650 | 7 |
_aNature in art. _2BUEsh |
|
| 650 | 7 |
_aDesign. _2BUEsh |
|
| 653 |
_cApril2026 _bART |
||
| 655 | _vReading book | ||
| 906 |
_a7 _bcbc _ccopycat _d2 _encip _f20 _gy-gencatlg |
||
| 942 |
_2ddc _cBB |
||
| 999 |
_c31184 _d31155 |
||